000 00720nam a2200241Ia 4500
003 OSt
005 20220925182457.0
006 a|||||r|||| 00| 0
007 ta
008 220923b |||||||| |||| 00| 0 eng d
020 _a674466756
037 _cGeneral Book
040 _aRTL
_cRTL
_beng
041 _2eng
_aeng
082 _aX9(D2).541.G, L0
100 _aGlick Thomas F
_9152295
245 0 _aIrrigation and society in medieval Valencia
260 _aCombridge
_bHarvard University Press
_c1970
300 _axviii, 386p. Bib p. 267-79,Appendi xp. 245-65
_ccm.
650 _aEngneering
_9232523
942 _hX9(D2).541.G, L0
_cGB
_2CC
999 _c502346
_d502346